| 000 | 00326nam a22001337a 4500 | ||
|---|---|---|---|
| 020 | _a81-7826-307-6 | ||
| 082 |
_a823 _bHAG/K |
||
| 245 |
_aKING SOLOMON'S MINES _bSHORT STORY |
||
| 246 |
_aKING SOLOMONS MINES _bSHORT STORY |
||
| 260 |
_aDELHI _bROHAN BOOK COMPANY |
||
| 300 | _a224 | ||
| 520 | _aCHILDRENS SHORT STORY | ||
| 942 | _cBK | ||
| 999 |
_c387 _d387 |
||